Music Quiz

Random Music Quiz

Find 72 bands Quiz Stats

Quiz not verified by Sporcle

Challenge
Share
Tweet
Score 0/72 Timer 18:00
0 Plays Today
Band % Correct
Smashing Pumpkins
88.8%
Queen
86.2%
The Eagles
85.3%
Gorillaz
83.4%
Guns n Roses
81.8%
The Rolling Stones
81.5%
Led Zeppelin
81.3%
Alice In Chains
70.6%
Whitesnake
69.6%
Black Flag
65.2%
Spoon
61.2%
Prince
61%
Matchbox 20
61%
The Beach Boys
59.1%
Sex Pistols
58.9%
Blur
58.9%
Red Hot Chili Peppers
57.5%
Pink
57%
The Pixies
55.4%
Garbage
54.7%
The Cars
50.5%
U2
48.1%
White Zombie
47.9%
Deep Purple
47.4%
Blind Melon
47.4%
Green Day
47.2%
Nine Inch Nails
46.5%
Madonna
45.8%
Pet Shop Boys
42.1%
50 Cent
41.4%
The Police
40.4%
Kiss
40.2%
The B52s
39.5%
Iron Maiden
37.6%
Hole
36.4%
Radiohead
34.8%
Band % Correct
Twisted Sister
34.1%
Scissors Sisters
33.9%
Phish
33.2%
Korn
32.5%
The eels
32.5%
The Lemonheads
31.3%
The Dead Kennedys
30.1%
Talking Heads
29%
The Doors
29%
The Black Crowes
27.8%
The White Stripes
27.6%
Ratt
26.9%
Crowded House
26.4%
Eminem
25.5%
Blondie
25%
Cypress Hill
23.8%
Cowboy Junkies
23.6%
The Cranberries
23.1%
Scorpions
22.7%
The Postal Service
22.2%
The Killers
21.7%
Cake
21%
The Bee Gees
19.6%
Pavement
18.2%
Janes Addiction
18%
Jewel
17.3%
Yellowman
17.1%
The Cult
16.6%
Seal
16.4%
Cornershop
15.4%
The Carpenters
15%
The Go-Go's
14.7%
Dinosaur Junior
14.5%
The Roots
13.3%
Great White
13.1%
Skinny Puppy
8.6%

You're not logged in!

Compare scores with friends on all Sporcle quizzes.
Join for Free
OR
Log In

You Might Also Like...

Show Comments

Extras

Top Quizzes Today


Score Distribution

Your Account Isn't Verified!

In order to create a playlist on Sporcle, you need to verify the email address you used during registration. Go to your Sporcle Settings to finish the process.

Report this User

Report this user for behavior that violates our Community Guidelines.

Details: